000 00344nam a2200145Ia 4500
008 230901s2008 xx 000 0 und d
041 _aeng
082 _a610.7343/COW
100 _aCOWLEY
245 _aCOMMUNITY PUBLIC HEALTH
250 _a2nd ed
260 _bBAILLIERE TINDALL ELSEVIER,UK.
_c2008
300 _a377
650 _aCOMMUNITY
999 _c864077
_d864077